<?xml version="1.0" encoding="UTF-8"?>
<record
    xmlns:xsi="http://www.w3.org/2001/XMLSchema-instance"
    xsi:schemaLocation="http://www.loc.gov/MARC21/slim http://www.loc.gov/standards/marcxml/schema/MARC21slim.xsd"
    xmlns="http://www.loc.gov/MARC21/slim">

  <leader>01110cam a2200265 i 4500</leader>
  <controlfield tag="001">sa 67003269 </controlfield>
  <controlfield tag="003">DLC</controlfield>
  <controlfield tag="005">20260227112337.0</controlfield>
  <controlfield tag="008">840716m19651971ii       b    000 0 sano </controlfield>
  <datafield tag="010" ind1=" " ind2=" ">
    <subfield code="a">sa 67003269 </subfield>
  </datafield>
  <datafield tag="040" ind1=" " ind2=" ">
    <subfield code="a">DLC</subfield>
    <subfield code="c">DLC</subfield>
    <subfield code="d">DLC</subfield>
  </datafield>
  <datafield tag="050" ind1="0" ind2="0">
    <subfield code="a">PK703</subfield>
    <subfield code="b">.R3</subfield>
  </datafield>
  <datafield tag="100" ind1="2" ind2=" ">
    <subfield code="a">Ramasubba Sastri, S.</subfield>
  </datafield>
  <datafield tag="245" ind1="1" ind2="0">
    <subfield code="a">Kr&#x325;dantar&#x16B;pam&#x101;l&#x101; /</subfield>
    <subfield code="c">&#x15A;a. R&#x101;masubrahma&#x1E47;ya&#x15B;&#x101;stribhi&#x1E25; sandhr&#x325;bdh&#x101; ; Ve. R&#x101;ghav&#x101;c&#x101;ry&#x101;&#x1E47;&#x101;&#x1E43; Ce. Pa. R&#x101;masv&#x101;my&#x101;ry&#x101;&#x1E47;&#x101;&#x1E43; ca &#x101;mukh&#x101;bhy&#x101;&#x1E43; sahit&#x101;.</subfield>
  </datafield>
  <datafield tag="260" ind1=" " ind2=" ">
    <subfield code="a">Madr&#x101;s :</subfield>
    <subfield code="b">Madrapur&#x12B;sa&#x1E43;skr&#x325;tavidy&#x101;samitisacivai&#x1E25; prak&#x101;&#x15B;it&#x101;,</subfield>
    <subfield code="c">1965-71.</subfield>
  </datafield>
  <datafield tag="300" ind1=" " ind2=" ">
    <subfield code="a">5 v. in 4 ;</subfield>
    <subfield code="c">25 cm.</subfield>
  </datafield>
  <datafield tag="500" ind1=" " ind2=" ">
    <subfield code="a">Cover title: Kr&#x325;dantar&#x16B;pam&#x101;l&#x101;; a concordance of verbal derivatives.</subfield>
  </datafield>
  <datafield tag="500" ind1=" " ind2=" ">
    <subfield code="a">Vols. 3-5 completed by V. Srivatsankacharya and T.K. Pranatartiharan.</subfield>
  </datafield>
  <datafield tag="500" ind1=" " ind2=" ">
    <subfield code="a">In Sanskrit; introductory matter in English or Sanskrit.</subfield>
  </datafield>
  <datafield tag="504" ind1=" " ind2=" ">
    <subfield code="a">Bibliography: v. 1, p. [xv]-xvii.</subfield>
  </datafield>
  <datafield tag="650" ind1=" " ind2="0">
    <subfield code="a">Sanskrit language</subfield>
    <subfield code="x">Word formation.</subfield>
  </datafield>
  <datafield tag="650" ind1=" " ind2="0">
    <subfield code="a">Sanskrit language</subfield>
    <subfield code="x">Dictionaries.</subfield>
  </datafield>
  <datafield tag="700" ind1="1" ind2=" ">
    <subfield code="a">Pranatartiharan, T. K.</subfield>
  </datafield>
  <datafield tag="700" ind1="1" ind2=" ">
    <subfield code="a">&#x15A;r&#x12B;vats&#x101;&#x1E45;k&#x101;c&#x101;ryar, V&#x101;.,</subfield>
    <subfield code="d">1936-</subfield>
  </datafield>
  <datafield tag="999" ind1=" " ind2=" ">
    <subfield code="c">73753</subfield>
    <subfield code="d">73753</subfield>
  </datafield>
</record>
